SPACE ADVENTURE IN YOUR HOME (Record no. 376395)

MARC details
000 -LEADER
fixed length control field 00375nam a2200145Ia 4500
008 - FIXED-LENGTH DATA ELEMENTS--GENERAL INFORMATION
fixed length control field 100122s9999 xx 000 0 und d
082 ## - DEWEY DECIMAL CLASSIFICATION NUMBER
Item number 54972
Classification number 520
100 ## - MAIN ENTRY--PERSONAL NAME
Personal name RABIZA F
245 ## - TITLE STATEMENT
Title SPACE ADVENTURE IN YOUR HOME
260 ## - PUBLICATION, DISTRIBUTION, ETC. (IMPRINT)
Name of publisher, distributor, etc MIR PUBLISHERS
Date of publication, distribution, etc 1987
300 ## - PHYSICAL DESCRIPTION
Extent 192
630 ## - SUBJECT ADDED ENTRY--UNIFORM TITLE
Uniform title SPACE ADVENTURE IN YOUR HOME
730 ## - ADDED ENTRY--UNIFORM TITLE
Uniform title SPACE ADVENTURE IN YOUR HOME
942 ## - ADDED ENTRY ELEMENTS (KOHA)
Koha item type Book
Holdings
Withdrawn status Lost status Damaged status Not for loan Home library Current library Date acquired Cost, normal purchase price Total Checkouts Full call number Barcode Date last seen Cost, replacement price Price effective from Koha item type Public note
        S.V. Pathak Library, Vile Parle S.V. Pathak Library, Vile Parle 07/31/1998 40.00   54972 SVPPARLE-54972 01/25/2010 40.00 01/25/2010 Book ", , General, NA"